| 000 | 02114aam a2200409 a 4500 | ||
|---|---|---|---|
| 999 |
_c28349 _d28320 |
||
| 001 | 014276389 | ||
| 003 | EG-ScBUE | ||
| 005 | 20200317101122.0 | ||
| 008 | 071022t2009 paua f 001 0 eng d | ||
| 020 | _a9781451108972 | ||
| 040 |
_aStDuBDS _beng _erda _cStDuBDS _dUk _dEG-ScBUE |
||
| 082 | 0 | 4 |
_a617.695 _bGLA _222 |
| 100 | 1 |
_aStewart, Marcia‏ _q(Marcia A.) _eauthor. |
|
| 245 | 1 | 0 |
_aClinical aspects of dental materials : _btheory, practice, and cases / _cMarcia Gladwin, R.D.H., E.d.D., professor, Departmrnt of Periodontics, Division of Dental Hygiene, West Virginia University, School of Dentistry, Morgantown, West Virginia, Michael Bagby, D.D.S., Ph.D., professor, Division of Pediatric Dentistry, West Virginia University, School of Dentistry, Morgantown, West Virginia. |
| 250 | _aThird edition. | ||
| 264 | 1 |
_aPhiladelphia : _bWolters Kluwer Health/Lippincott Williams & Wilkins, _c[2009] |
|
| 264 | 4 | _cc2009 | |
| 300 |
_axiv, 481 pages : _billustrations ; _c28 cm |
||
| 336 |
_atext _2rdacontent _btxt |
||
| 337 |
_aunmediated _2rdamedia _bn |
||
| 338 |
_avolume _2rdacarrier _bnc |
||
| 500 | _aIncludes appendices. | ||
| 500 | _aIncludes index. | ||
| 520 | _aProvides dental hygiene students with a practical understanding of dental materials and materials science. This title includes 'Theoretical Perspectives' that cover the basics, science, and theory of dental materials. It also includes 'Laboratory/Clinical Applications' that relates materials science to clinical dental hygiene practice. | ||
| 650 | 7 |
_aDental materials. _2BUEsh |
|
| 650 | 7 |
_aDental casting. _2BUEsh |
|
| 650 | 7 |
_aDental Materials _2BUEsh |
|
| 653 |
_bDDENT _cMarch2020 |
||
| 655 |
_vReading book _934232 |
||
| 700 | 1 |
_aBagby, Michael _q(Michael D.). _eauthor. |
|
| 856 | 4 | 2 |
_3Publisher description _uhttp://www.loc.gov/catdir/enhancements/fy0835/2007043567-d.html |
| 856 | 4 | 1 |
_3Table of contents only _uhttp://www.loc.gov/catdir/enhancements/fy0835/2007043567-t.html |
| 942 |
_2ddc _cBB |
||